Communication for Development in the Third World : (Record no. 16805)
[ view plain ]
| 000 -LEADER | |
|---|---|
| fixed length control field | 01272cam a2200277 a 4500 |
| 001 - CONTROL NUMBER | |
| control field | 12245525 |
| 005 - DATE AND TIME OF LATEST TRANSACTION | |
| control field | 20060815202303.0 |
| 008 - FIXED-LENGTH DATA ELEMENTS--GENERAL INFORMATION | |
| fixed length control field | 001130s2001 ii ab b 001 0 eng |
| 020 ## - INTERNATIONAL STANDARD BOOK NUMBER | |
| International Standard Book Number | 0761994750 (cloth) |
| 020 ## - INTERNATIONAL STANDARD BOOK NUMBER | |
| International Standard Book Number | 0761994769 (pbk.) |
| 040 ## - CATALOGING SOURCE | |
| Original cataloging agency | DLC |
| Transcribing agency | DLC |
| Modifying agency | DLC |
| 082 00 - DEWEY DECIMAL CLASSIFICATION NUMBER | |
| Classification number | 338.9 |
| Edition number | 22 |
| Item number | MEL |
| 100 1# - MAIN ENTRY--PERSONAL NAME | |
| Personal name | Melkote, Srinivas R., |
| Dates associated with a name | 1952- |
| 9 (RLIN) | 30275 |
| 245 10 - TITLE STATEMENT | |
| Title | Communication for Development in the Third World : |
| Remainder of title | Theory and Practice for Empowerment / |
| Statement of responsibility, etc | Srinivas R. Melkote, H. Leslie Steeves. |
| 250 ## - EDITION STATEMENT | |
| Edition statement | 2nd ed. |
| 260 ## - PUBLICATION, DISTRIBUTION, ETC. (IMPRINT) | |
| Place of publication, distribution, etc | New Delhi ; |
| -- | Thousand Oaks, CA : |
| Name of publisher, distributor, etc | Sage Publications, |
| Date of publication, distribution, etc | 2001. |
| 300 ## - PHYSICAL DESCRIPTION | |
| Extent | 422 p. : |
| Other physical details | ill., maps ; |
| Dimensions | 23 cm. |
| 504 ## - BIBLIOGRAPHY, ETC. NOTE | |
| Bibliography, etc | Includes bibliographical references (p. [379]-408) and index. |
| 650 #0 - SUBJECT ADDED ENTRY--TOPICAL TERM | |
| Topical term or geographic name as entry element | Communication in economic development |
| Geographic subdivision | Developing countries. |
| 9 (RLIN) | 30276 |
| 651 #0 - SUBJECT ADDED ENTRY--GEOGRAPHIC NAME | |
| Geographic name | Developing countries |
| General subdivision | Economic policy. |
| 9 (RLIN) | 30277 |
| 653 ## - INDEX TERM--UNCONTROLLED | |
| Resource For college | |
| Arrived date list | June2012 |
| 700 1# - ADDED ENTRY--PERSONAL NAME | |
| Personal name | Steeves, H. Leslie. |
| 9 (RLIN) | 30278 |
| 942 ## - ADDED ENTRY ELEMENTS (KOHA) | |
| Source of classification or shelving scheme | Dewey Decimal Classification |
| Item type | Book - Borrowing |
| Withdrawn status | Item status | Source of classification or shelving scheme | Damaged status | Not for loan | Vendor | Home library | Current library | Shelving location | Date acquired | Source of acquisition | Cost, normal purchase price | Serial Enumeration / chronology | Total Checkouts | Total Renewals | Full call number | Barcode | Date last seen | Date last borrowed | Koha item type |
|---|---|---|---|---|---|---|---|---|---|---|---|---|---|---|---|---|---|---|---|
| Dewey Decimal Classification | Baccah | Central Library | Central Library | First floor | 27/06/2012 | 163.00 | 15316 | 3 | 17 | 338.9 MEL | 000026895 | 15/07/2025 | 24/02/2019 | Book - Borrowing |